000 00523nmm a2200157Ia 4500
008 251105s9999||||xx |||||||||||||||||und||
041 _aspa
100 _aContreras Castañeda, Miguel Ángel
245 0 _aDesarrollo de aplicaciones Web multiplataforma
264 _a[Madrid, España] :
_bMinisterio de Educación, Cultura y Deporte de España,
_c2016
300 _a608 páginas
490 _aAula Mentor
650 _aTechnology and computing
856 _uhttps://public.digitaliapublishing.com/a/41697
942 _cCF
999 _c98444
_d98444